| 000 | 00624nam a2200181 4500 | ||
|---|---|---|---|
| 001 | 143584 | ||
| 003 | ES-MaACL | ||
| 007 | t| | ||
| 008 | 070214s1972 sp r ||||1| spa d | ||
| 110 | 2 |
_aEspaña. _tLeyes, etc. _9184149 |
|
| 245 | 1 | 0 |
_aServicio militar / _c[compilación] por la redacción de El Consultor de los Ayuntamientos [Abella]. |
| 260 |
_aMadrid : _bEl Consultor de los Ayuntamientos y de los Juzgados, _c1972 ( _fHijos de E. Minuesa) |
||
| 300 |
_a698 p. ; _c21 cm. |
||
| 490 | 1 | _aPublicaciones Abella | |
| 830 | 0 |
_aPublicaciones Abella _9187274 |
|
| 852 |
_aES-MaACL _jE-7749 _bR.92052 |
||
| 999 |
_c143584 _d143584 |
||